English Words of Asian Origin 1 - Statistics

General Stats
  • This quiz has been taken 29 times
  • The average score is 11 of 20
Answer Stats
Hint Language of Origin Answer % Correct
A large cat native to Africa and central Iran, known as the fastest land animal. Sanskrit Cheetah
89%
A hair care product, typically in the form of a viscous liquid, that is used for cleaning hair. Sanskrit Shampoo
82%
A tropical storm in the region of the Indian or western Pacific oceans. Chinese Typhoon
82%
A hot drink made by infusing the dried crushed leaves in boiling water Chinese (Hokkien) Tea
79%
A soft white substance made from mashed soya beans, used chiefly in vegetarian cooking. Chinese (Mandarin) Tofu
75%
A flooded field of arable land used for growing semiaquatic crops, most notably rice. Malay Paddy
71%
A food produced by bacterial fermentation of milk. Turkish Yogurt
71%
A dish of meat and vegetables cooked in a sauce of hot-tasting spices and typically served with rice. Tamil Curry
64%
A spiny oval tropical fruit containing a creamy pulp, famous for its fetid smell but highly valued for its flavour. Malay Durian
64%
A disk-shaped percussion instrument that produces a resounding tone when struck with a usually padded hammer. Malay Gong
61%
A fleshy, oval, yellowish-red tropical fruit that is eaten ripe or used green for pickles or chutneys. Tamil Mango
61%
A yacht or other boat with twin hulls in parallel. Tamil Catamaran
50%
To act in an excessively subservient manner. Chinese (Cantonese) Kowtow
50%
A strong, red color, inclining to purple. Sanskrit Crimson
39%
A social outcast Tamil Pariah
36%
A gelatinous substance used in biological culture media and as a thickener in foods. Malay Agar
32%
A literal or metaphorical force regarded as merciless, destructive, and unstoppable. Sanskrit Juggernaut
32%
A hoodlike knitted cap covering the head, neck, and part of the shoulders and worn especially by soldiers and mountaineers. Turkish Balaclava
29%
A citrus fruit the size of an orange, with a yellow or green color similar to a lime. Turkish Bergamot
7%
A round-bodied string instrument popular in Greece. Turkish Bouzouki
7%
No matching quizzes found
Score Distribution
Percent of People with Each Score
Percentile by Number Answered
Your Score History
You have not taken this quiz